| 000 | 01781nam0a2200349 4500 | ||
|---|---|---|---|
| 001 | RU\NLR\bibl\24632 | ||
| 005 | 20260408174544.0 | ||
| 021 |
_aRU _b99-12461 _9603 |
||
| 035 | _a(NLR Aleph) 000024010 | ||
| 090 |
_a114030 _c114030 |
||
| 100 | _a19990427d1998 |||y0rusy50 ca | ||
| 101 | 0 | _arus | |
| 102 | _aRU | ||
| 105 | _ay ||||||||| | ||
| 200 | 1 |
_aРабочая тетрадь по истории для учащихся 3-х классов _e[Дидакт. пособие для учителей] _fТ.С. Комарова, Е.Б. Белая, Л.В. Павлова _gМ-во общ. и проф. образования РФ, Моск. ком. образования и др. |
|
| 210 |
_aМ. _cИОО МОПО РФ _d1998 |
||
| 215 |
_a55 с. _cил. _d30 |
||
| 300 | _aНа обл.: Тетрадь по истории: Для 3 кл. | ||
| 300 | _aВ надзаг. также: Моск. гор. пед. ун-т, Моск. ин-т новых технол. образования и др. | ||
| 512 | 1 |
_6z20790 _aТетрадь по истории _eДля 3 кл. |
|
| 607 |
_aСанкт-Петербург, город _xИстория _xИзучение в школе _3RU\NLR\auth\66833961 _91842080 |
||
| 686 | _aЧ426.32,6(2)1 | ||
| 700 | 1 |
_4070 _8rus _7ca _aКомарова _bТ. С. _cд-р пед. наук _f1931- _gТамара Семеновна _3RU\NLR\AUTH\777183 _9117122 |
|
| 701 | 1 |
_aБелая _bЕ. Б. _4070 |
|
| 701 | 1 |
_aПавлова _bЛ. В. _4070 |
|
| 790 | 1 |
_4070 _8rus _7ca _aКомарова _bТ. С. _cд-р пед. наук _f1931- _gТамара Семеновна _3RU\NLR\AUTH\777183 _9117122 |
|
| 801 | 0 |
_aRU _bNLR _c19990427 _gPSBO |
|
| 801 | 1 |
_aRU _bNLR _c19990427 |
|
| 852 |
_aNLR _j99-8/339 |
||
| 942 | _cBOOK | ||
| 980 | _aNB | ||